Reforma gospodarcza zmiany w strukturze podmiotowej gospodarki narodowej
Enregistré dans:
| Format: | Livre |
|---|---|
| Langue: | polonais |
| Publié: |
Warszawa
Szkola glówna planowania i statystyki
1984
|
| Collection: | Monografie i opracowania
146 |
| Tags: |
Pas de tags, Soyez le premier à ajouter un tag!
|
MARC
| LEADER | 00000nam a2200000 4500 | ||
|---|---|---|---|
| 001 | c114280 | ||
| 005 | 20250630081614.9 | ||
| 041 | 0 | |a pol | |
| 044 | |a PL | ||
| 245 | 1 | 0 | |a Reforma gospodarcza zmiany w strukturze podmiotowej gospodarki narodowej |c Stefan Dulski i kol. |
| 264 | 1 | |a Warszawa |b Szkola glówna planowania i statystyki |c 1984 | |
| 300 | |a 150 s. | ||
| 490 | 1 | |a Monografie i opracowania |v 146 | |
| 830 | 0 | |a Monografie i opracowania |v 146 | |